BALTASAR RESENDIZ ESPINOLA HÈBEL (Registro nro. 68715)

Detalles MARC
000 -CABECERA
campo de control de longitud fija 00997nam a22002777a 4500
003 - IDENTIFICADOR DEL NÚMERO DE CONTROL
campo de control BPGM
008 - DATOS DE LONGITUD FIJA--INFORMACIÓN GENERAL
campo de control de longitud fija 260630s20111991mx ||||g|||||o001 p spa d
020 ## - NÚMERO INTERNACIONAL ESTÁNDAR DEL LIBRO
Número Internacional Estándar del Libro ISBN 978-607-7619-23-9
040 ## - FUENTE DE LA CATALOGACIÓN
Lengua de catalogación spa
041 ## - CÓDIGO DE LENGUA
Código de lengua del texto/banda sonora o título independiente SPA
Código de lengua original SPA
082 04 - NÚMERO DE LA CLASIFICACIÓN DECIMAL DEWEY
Número de clasificación 861M
Número de documento/Ítem R4514
100 ## - ENTRADA PRINCIPAL--NOMBRE DE PERSONA
Nombre de persona BALTASAR RESÈNDIZ ESPÌNOLA
240 ## - TÍTULO UNIFORME
Título uniforme BALTASAR RESÈNDIZ ESPÌNOLA HÈBEL
242 ## - TÍTULO TRADUCIDO POR EL CENTRO/AGENCIA CATALOGADOR
Título BALTASAR RESÈNDIZ ESPÌNOLA HÈBEL
Resto del título LETRAS
245 ## - MENCIÓN DE TÍTULO
Título BALTASAR RESENDIZ ESPINOLA HÈBEL
Resto del título LETRAS
260 ## - PUBLICACIÓN, DISTRIBUCIÓN, ETC.
Lugar de publicación, distribución, etc. El Gobierno del Estado de Querétaro
Nombre del editor, distribuidor, etc. El Comité Editorial del Gobierno del Estado de Querétaro
Fecha de publicación, distribución, etc. MAYO DEL 2011
300 ## - DESCRIPCIÓN FÍSICA
Extensión 81 PAGINAS
Dimensiones 16cmX 10,7 cm
336 ## - TIPO DE CONTENIDO
Fuente rdacontent
Término de tipo de contenido texto
Código de tipo de contenido txt
337 ## - TIPO DE MEDIO
Fuente rdamedia
Nombre/término del tipo de medio sin mediación
Código del tipo de medio n
338 ## - TIPO DE SOPORTE
Fuente rdacarrier
Nombre/término del tipo de soporte volumen
Código del tipo de soporte nc
600 ## - PUNTO DE ACCESO ADICIONAL DE MATERIA--NOMBRE DE PERSONA
Nombre de persona BALTASAR RESÈNDIZ ESPÌNOLA HÈBEL
650 ## - PUNTO DE ACCESO ADICIONAL DE MATERIA--TÉRMINO DE MATERIA
Término de materia o nombre geográfico como elemento de entrada POESIA ESPAÑOLA
Subdivisión de forma LITERATURA RETORICA
Subdivisión general GENERALIDADES
700 ## - PUNTO DE ACCESO ADICIONAL--NOMBRE DE PERSONA
Nombre de persona BALTASAR RESÈNDIZ ESPÌNOLA HÈBEL
941 ## - EQUIVALENCIA O REFERENCIA-CRUZADA--TÍTULO LATINIZADO
Título latinizado/romanizado BALTASAR RESENDIZ ESPINOLA HEBEL
942 ## - ELEMENTOS DE PUNTO DE ACCESO ADICIONAL (KOHA)
Fuente del sistema de clasificación o colocación Dewey Decimal Classification
Tipo de ítem Koha Colección Querétaro
Existencias
Estado de retiro Estado de pérdida Fuente del sistema de clasificación o colocación Estado dañado No para préstamo Localización permanente Ubicación/localización actual Fecha de adquisición Fuente de adquisición Total de préstamos Signatura topográfica completa Fecha visto por última vez Precio válido a partir de Tipo de ítem Koha Número de copia
    Dewey Decimal Classification     BIBLIOTECA PÚBLICA CENTRAL ESTATAL “FRANCISCO CERVANTES” BIBLIOTECA PÚBLICA CENTRAL ESTATAL “FRANCISCO CERVANTES” 06/30/2026 DONACION   861M R4514 06/30/2026 06/30/2026 Colección Querétaro  
    Dewey Decimal Classification     BIBLIOTECA PÚBLICA CENTRAL ESTATAL “FRANCISCO CERVANTES” BIBLIOTECA PÚBLICA CENTRAL ESTATAL “FRANCISCO CERVANTES” 06/30/2026 DONACION   861M R4514 06/30/2026 06/30/2026 Colección Querétaro EJ.2
    Dewey Decimal Classification     BIBLIOTECA PÚBLICA CENTRAL ESTATAL “FRANCISCO CERVANTES” BIBLIOTECA PÚBLICA CENTRAL ESTATAL “FRANCISCO CERVANTES” 06/30/2026 DONACION   861M R4514 06/30/2026 06/30/2026 Colección Querétaro EJ.3